000 01312nam a2200229Ia 4500
003 Ost
005 20260507074943.0
008 260507s9999||||xx |||||||||||||| ||und||
040 _cfsecg
041 _aara
082 _a346.07
100 _aبني مقداد، محمد علي محمد
_eمؤلف
245 0 _aالاوراق التجارية وتضامن الموقعون عليها (دراسة مقارنة) /
_c محمد علي محمد بني مقداد
260 _aالقاهرة:
_bدار النهضة العربية,
_c2008
300 _a457 صفحة؛
_c24 سم
504 _aبيبليوغرافيا ص.439 ؛ ملاحق ص.396
520 _aيتناول الكتاب الفصول التالية : الالتزام الصرفي وخصائصه، التضامن الصرفي في تاريخ الاستحقاق وشروطه حالات التضامن الصرفي قبل تاريخ الاستحقاق وشروطه ، حقوق الحامل نحو الملتزمين بالوفاء ، اجراءات ممارسة حق الروجوع الصرفي ، سقوط حق الروجوع على الضمان ، بالتقادم الصرفي
653 _aالإلتزام الصرفي
653 _aالأوراق التجارية
653 _aقوانين وتشريعات-مصر
942 _cكتاب
999 _c41949
_d41949